Представление документа в формате MARC21

ПолеНазваниеЗначение
  Тип записи a
  Библиографический уровень m
001 Контрольный номер RU/URAIT/590537
005 Дата корректировки 20260429163606.9
008 Кодируемые данные 260429s2026 RU y f j 000 0 rus u
020 Индекс ISBN __
a ISBN 978-5-534-19447-0
c Цена, тираж 499.00
040 Источник каталогиз. __
a Служба первич. каталог. ИКО Юрайт
c Служба, преобразующая запись ИКО Юрайт
e Правила каталог. RCR
041 Код языка издания __
a Код языка текста rus
044 Код страны публикации __
a Код страны публикации RU
080 Индекс УДК __
a Индекс УДК 620(075.32)
084 Индекс другой классификации/Индекс ББК __
2 Источник индекса rubbk
a Индекс другой классификации/Индекс ББК 30.3я723
100 Автор __
a Автор Фетисов Г. П.
q Полное имя Фетисов Геннадий Павлович
245 Заглавие __
a Заглавие Обработка металлов давлением
b Продолж. заглавия учебник для спо
c Ответственность Г. П. Фетисов [и др.].
250 Сведения об издании __
g пер. и доп
a Основные сведения об издании 8-е изд.
256 Характеристики компьютерного файла __
a Характеристики компьютерного файла Электрон. дан.
260 Выходные данные __
a Место издания Москва
b Издательство Юрайт
c Дата издания 2026
300 Физическое описание __
a Объем 77 с
440 Серия __
a Серия Профессиональное образование
500 Примечания __
a Примечание URL: https://urait.ru/bcode/590537 (дата обращения: 29.04.2026).
520 Аннотация __
a Аннотация В учебнике представлены основные вопросы физико-химического строения металлов и сплавов, неметаллических и композиционных материалов. Представленные в конце глав задания помогут обучающимся проверить качество усвоения теоретического материала. Учебник состоит из двух частей. В первой части раскрывается базовая теория. В нем изложены все основы дисциплины, в ней также отражены вопросы кристаллического строения металлов и сплавов, их поведения в особых условиях. Во второй части большое внимание уделено технологическим процессам создания материалов, среди которых металлургия, основы литейного производства, обработка металлов давлением, сварка и пайка металлов и др., раскрываются аспекты создания материалов с более лучшими реологическими свойствами.
538 Прим. о системных особенностях __
a Прим. о системных особенностях Режим доступа: Электронно-библиотечная система Юрайт, для авториз. пользователей
653 Ключевые слова __
a Ключевые слова Материаловедение
653 Ключевые слова __
a Ключевые слова Технические науки
653 Ключевые слова __
a Ключевые слова Теория обработки металлов давлением
653 Ключевые слова __
a Ключевые слова Обработка металлов давлением
653 Ключевые слова __
a Ключевые слова Технология обработки металлов давлением
653 Ключевые слова __
a Ключевые слова Технологии обработки деталей давлением
653 Ключевые слова __
a Ключевые слова Технология обработки давлением
653 Ключевые слова __
a Ключевые слова Основы обработки металлов давлением
700 Другие авторы __
a Другие авторы Матюнин В. М.
q Полное имя Матюнин Вячеслав Михайлович
700 Другие авторы __
a Другие авторы Соколов В. С.
q Полное имя Соколов Владимир Сергеевич
700 Другие авторы __
a Другие авторы Гольцов В. А.
q Полное имя Гольцов Владимир Аркадьевич
700 Другие авторы __
a Другие авторы Тибрин Г. С.
q Полное имя Тибрин Геннадий Серафимович
856 Электронный адрес документа 40
n Местонахождение сервера Юрайт
g Электронная книга
q Тип электронного формата html
h Имя пользователя ЮРАЙТ
v Часы доступа к ресурсу 20271231
2 Способ доступа Показать документ
x Служебное примечание https://urait.ru/book/cover/2342F4C4-CC23-42E6-A0ED-209CE7941948
u URL https://urait.ru/bcode/590537
856 Электронный адрес документа 48
q Тип электронного формата cover
u URL https://urait.ru/book/cover/2342F4C4-CC23-42E6-A0ED-209CE7941948
911 __
u 0030=https://urait.ru/bcode/590537
911 __
u 073a=9785534194470
u 073d=499.00
911 __
u 106a=s
911 __
u 900l=
952 Тип литературы __
i Дисциплина Теория обработки металлов давлением
952 Тип литературы __
i Дисциплина Обработка металлов давлением
952 Тип литературы __
i Дисциплина Технология обработки металлов давлением
952 Тип литературы __
i Дисциплина Технологии обработки деталей давлением
952 Тип литературы __
i Дисциплина Технология обработки давлением
952 Тип литературы __
i Дисциплина Основы обработки металлов давлением